Giáo trình kiểm tra đánh giá trong giáo dục
Nội dung sách giới thiệu về cơ sở lý luận về kiểm tra đánh giá trong giáo dục, các công cụ kiểm tra đánh giá, xử lý và phản hồi kết quả kiểm tra đánh giá trong giáo dục.
Sparad:
| Huvudupphovsman: | |
|---|---|
| Materialtyp: | Bok |
| Språk: | Undetermined |
| Publicerad: |
Hà Nội
Đại học Sư phạm
2014
|
| Ämnen: | |
| Taggar: |
Lägg till en tagg
Inga taggar, Lägg till första taggen!
|
| Thư viện lưu trữ: | Trung tâm Học liệu Trường Đại học Cần Thơ |
|---|
| LEADER | 01105nam a2200229Ia 4500 | ||
|---|---|---|---|
| 001 | CTU_235741 | ||
| 008 | 210402s9999 xx 000 0 und d | ||
| 082 | |a 379.1 | ||
| 082 | |b Kh107 | ||
| 100 | |a Nguyễn, Công Khánh | ||
| 245 | 0 | |a Giáo trình kiểm tra đánh giá trong giáo dục | |
| 245 | 0 | |c Nguyễn Công Khanh (chủ biên), Đào Thị Oanh, Lê Mỹ Dung | |
| 260 | |a Hà Nội | ||
| 260 | |b Đại học Sư phạm | ||
| 260 | |c 2014 | ||
| 520 | |a Nội dung sách giới thiệu về cơ sở lý luận về kiểm tra đánh giá trong giáo dục, các công cụ kiểm tra đánh giá, xử lý và phản hồi kết quả kiểm tra đánh giá trong giáo dục. | ||
| 526 | |a Đánh giá giáo dục trong giảng dạy tiếng Anh,Đánh giá năng lực trong dạy học Ngữ văn | ||
| 526 | |b SPA603,SPV619 | ||
| 650 | |a Đánh giá giáo dục,Educational evaluation | ||
| 650 | |z Việt Nam,Vietnam | ||
| 910 | |b dqhieu | ||
| 980 | |a Trung tâm Học liệu Trường Đại học Cần Thơ | ||